Mechanics of materials / (Record no. 1024)
[ view plain ]
| 000 -LEADER | |
|---|---|
| fixed length control field | 01675nac a22002051u 4500 |
| 020 ## - INTERNATIONAL STANDARD BOOK NUMBER | |
| International Standard Book Number | 8170082153 |
| 082 ## - DEWEY DECIMAL CLASSIFICATION NUMBER | |
| Classification number | 620.112 |
| Item number | P9845 |
| 090 ## - LOCALLY ASSIGNED LC-TYPE CALL NUMBER (OCLC); LOCAL CALL NUMBER (OCLC) | |
| -- | 1024 |
| -- | 1024 |
| 100 ## - MAIN ENTRY--PERSONAL NAME | |
| Personal name | Punmia, B.C. |
| 245 ## - TITLE STATEMENT | |
| Title | Mechanics of materials / |
| Remainder of title | B.c. Punmia, Ashok KumarJain, Arun Kumar Jain. |
| 260 ## - PUBLICATION, DISTRIBUTION, ETC. (IMPRINT) | |
| Place of publication, distribution, etc | New Delhi : |
| Name of publisher, distributor, etc | Laxmi Publications,2003 |
| Date of publication, distribution, etc | 2003. |
| 300 ## - PHYSICAL DESCRIPTION | |
| Extent | 952 p. : |
| Other physical details | ill. ; |
| Dimensions | 24 cm. |
| 500 ## - GENERAL NOTE | |
| General note | Includes index. |
| 505 ## - FORMATTED CONTENTS NOTE | |
| Formatted contents note | 1. Mechanical Properties of Materials; 2. Simple Stresses and Strains; 3. Elastic Constants; 4. Analysis of Stress: Principal Stresses; 5. Analysis of Strain: Principal Strains; 6. Strain Energy, Resilience and Impact Loading; 7. Theories of Elastic Failure; 8. Centroids and Moments of Inertia of Plane Areas; 9. Shear Force and Bending Moment; 10. Bending Stresses in Beams; 11. Shearing Stresses in Beams; 12. Deflection of Beams: I Double Integration Method; 13. Deflection of Beams: II Area Moment Method; 14. Deflection of Beams: III Conjugate Beam Method; 15. Deflection of Beams: IV Strain Energy Method; 16. Fixed Beams; 17. Continous Beams; 18. Combined Direct and Bending Stresses; 19. Masonry Structures (Retaining Walls, Dams and Chimneys); 20. Columns; 21. Torsion of Shafts; 22. Springs; 23. Thin Cylinders and Spheres; 24. Thick Cylinders and Spheres; 25. Analysis of Perfect Frames; 26. Riveted Connections; 27. Welded Connections |
| 650 ## - SUBJECT ADDED ENTRY--TOPICAL TERM | |
| Topical term or geographic name as entry element | Strength of materials. |
| 700 ## - ADDED ENTRY--PERSONAL NAME | |
| Personal name | Jain, Ashok Kumar. |
| 700 ## - ADDED ENTRY--PERSONAL NAME | |
| Personal name | Jain, Arun Kumar. |
| 942 ## - ADDED ENTRY ELEMENTS (KOHA) | |
| Item type | Book - Borrowing |
| Call number prefix | 620.112P9845 |
| Withdrawn status | Item status | Source of classification or shelving scheme | Damaged status | Not for loan | Vendor | Home library | Current library | Shelving location | Date acquired | Source of acquisition | Cost, normal purchase price | Total Checkouts | Full call number | Barcode | Date last seen | Date last borrowed | Cost, replacement price | Koha item type |
|---|---|---|---|---|---|---|---|---|---|---|---|---|---|---|---|---|---|---|
| Dewey Decimal Classification | Central Library | Central Library | First floor | 06/08/2016 | 110.00 | 1 | 620.112 PUN | 000003480 | 15/07/2025 | 28/05/2011 | 137.50 | Book - Borrowing |